|
|
|
|
| LEADER |
00000nam a22000007ic4500 |
| 001 |
IT\ICCU\URB\0336701 |
| 003 |
ItRI |
| 005 |
20260115232306.0 |
| 008 |
021106s1935 it |||||| ||||| |||||c |
| 040 |
|
|
|b ita
|c importazione bologna sebina
|
| 041 |
|
7 |
|a ita
|2 ISO-639-2
|
| 245 |
0 |
0 |
|a Le novelle.
|c Guy de Maupassant.
|
| 260 |
|
|
|a Milano :
|b Bietti,
|c stampa 1935
|
| 300 |
|
|
|a 240 p. ;
|c 19 cm.
|
| 773 |
0 |
|
|w IT\ICCU\TO0\0389592
|t Le novelle
|g 8
|a Maupassant, Guy : de
|0 IT\ICCU\CFIV\000203
|
| 942 |
|
|
|2 ddc
|c BK
|n 0
|
| 952 |
|
|
|0 0
|1 0
|4 0
|6 DOC_843_800000000000000_MAU
|7 0
|9 23690
|a BO
|b BO
|d 2026-01-15
|i 14128
|l 0
|o DOC 843.8 MAU
|p BO14128
|r 2026-01-15 23:23:06
|w 2026-01-15
|x [Sebina 6] [1 v.]
|y BK
|z 1 v.
|
| 999 |
|
|
|c 20174
|d 20174
|